Plane trigonometry
Guardat en:
| Autor principal: | |
|---|---|
| Format: | Llibre |
| Idioma: | anglès |
| Publicat: |
Nueva York
American Book Company
1937
|
| Matèries: | |
| Etiquetes: |
Afegir etiqueta
Sense etiquetes, Sigues el primer a etiquetar aquest registre!
|
MARC
| LEADER | 00000nam a2200000 a 4500 | ||
|---|---|---|---|
| 001 | UCQ9592 | ||
| 003 | CL-VaPUC | ||
| 008 | 990112e19370000US |||||||||||||||||eng|d | ||
| 082 | 0 | 4 | |a 516.24 |b ROB |2 21 |
| 100 | 0 | |a Robbins, Edward R |e author |9 424239 | |
| 245 | 1 | 0 | |a Plane trigonometry |
| 300 | |a 238 p | ||
| 942 | |c BK | ||
| 945 | |d 19990112 00:00:00 |a crobeson | ||
| 260 | |a Nueva York |b American Book Company |c 1937 | ||
| 650 | 0 | |a Trigonometría |9 259568 | |
| 650 | 0 | |a Geometría plana |9 265855 | |
| 650 | 7 | |a GEOMETRIA EUCLIDEA |2 CL-VaPUC |9 359752 | |
| 650 | 0 | |a Matemática |9 260235 | |
| 650 | 0 | |a Logaritmos |9 260266 | |
| 650 | 0 | |a Lógica matemática |9 262442 | |
| 650 | 0 | |a Figuras geométricas |9 347994 | |
| 583 | |a last modification |c 19990112 00:00:00 |k Rodrigo Vera | ||
| 999 | |c 278588 |d 278586 | ||
| 952 | |0 0 |1 0 |4 0 |6 516_240000000000000_ROB_1937 |7 0 |8 A |9 317215 |a BIBMAT |b BIBMAT |d 2019-11-20 |i 1316516 |o 516.24 ROB 1937 |p 1316516 |r 2025-01-07 |w 2019-11-20 |y BK |k MAT | ||